10 Random Multiple Choice Questions - Statistics

General Stats
  • This quiz has been taken 27 times
  • The average score is 4 of 10
Answer Stats
Question Answer % Correct
What is the most sold book series of all time? Harry Potter
91%
What was Disney's first full-length theatrical film? Snow White and the Seven Dwarfs
73%
What presidential family did Arnold Schwarzenegger marry into? John F. Kennedy
68%
What two films was Ryan Gosling nominated for an Oscar with? La La Land and Barbie.
50%
How many books of the Bible are there? 66
27%
What year was JetPunk founded? 2008
23%
Who is the most sold novelist ever? Agatha Christie
23%
What is the fear of palindromes called? Aibohphobia
23%
Which movie was NOT directed by Tim Burton? The Nightmare Before Christmas
14%
What was the highest grossing movie (worldwide) of 2000? Mission: Impossible II
9%
No matching quizzes found
Score Distribution
Percent of People with Each Score
Percentile by Number Answered
Your Score History
You have not taken this quiz